000 00699nam a2200241Ia 4500
008 170203s9999 xx 000 0 und d
020 _a9789712728112
050 _a371.192
050 _b.C559s 2013
100 _aChua, Queena N. Lee.
245 _aStudy smart : what parents, students and teachers should know /
245 _cQueena N. Lee-Chua.
260 _aMandaluyong City, Philippines :
260 _bAnvil Publishing Inc.,
260 _c[2013]
300 _aix, 136 pages :
300 _billustrations ;
300 _c21 cm.
440 _aThe learning series.
650 _a Parent-teacher relationships.
650 _aEducation --
650 _xParent participation.
999 _c305438
_d305438